000 00647nab a2200193 4500
001 244442
003 OSt
005 20240123131714.0
007 tu
008 200917s2020|||||||
040 _aDE-2950
_cDE-2950
245 0 0 _aDie Lebenshilfe steigt ein
_bEinzelhandel. Karl-Heinz Möckel hatte Ende 2023 angekündigt, seine Lukas-Buchhandlung zu schließen. Jetzt wurde eine Nachfolgelösung gefunden/
_cJörg Kotterba
264 _c2024
653 _aFrankfurt (Oder)
653 _aLukas-Buchhandlung
653 _aLebenshilfe
773 0 _g35. Jahrgang (2024) Nr. 17 vom 20.01.2024, S. 17, mit Foto
_tMärkische Oderzeitung
942 _2z
_cA
999 _c372946
_d372946